[Event "DEM U12/U12w 2000"]
[Site "Überlingen GER"]
[Date "2000.06.08"]
[Round "8"]
[White "Braun, Arik"]
[Black "Figura, Atila"]
[Result "1/2-1/2"]
[Termination "normal"]
[Board "1"]
[WhiteElo "2139"]
[BlackElo "1789"]
[PlyCount "41"]
[WhiteFideId "4663527"]
[BlackFideId "4688058"]
[EventCountry "GER"]
[EventRounds "11"]
[EventType "swiss"]
[EventDate "2000.06.03"]

1. d4 d5 2. c4 e6 3. Nc3 c6 4. Nf3 dxc4 5. e3 b5 6. a4 Bb4 7. Ne5 Bb7 8. Bd2 a5
9. axb5 Bxc3 10. Bxc3 cxb5 11. Qh5 Qe7 12. Rxa5 Rxa5 13. Bxa5 Nf6 14. Qd1 O-O
15. f3 Nd5 16. Qc1 f6 17. Ng4 Nc6 18. Bd2 e5 19. dxe5 f5 20. Nf2 Qxe5 21. Be2
1/2-1/2

[Event "DEM U12/U12w 2000"]
[Site "Überlingen GER"]
[Date "2000.06.08"]
[Round "8"]
[White "Lieder, Konrad"]
[Black "Lutz, Dieter"]
[Result "0-1"]
[Termination "normal"]
[Board "3"]
[WhiteElo "1323"]
[BlackElo "2185"]
[PlyCount "58"]
[WhiteFideId "4692721"]
[BlackFideId "4667565"]
[EventCountry "GER"]
[EventRounds "11"]
[EventType "swiss"]
[EventDate "2000.06.03"]

1. d4 Nf6 2. c4 e6 3. Nc3 Bb4 4. Bg5 d6 5. Nf3 Nbd7 6. e3 b6 7. Be2 Bb7 8. O-O
Bxc3 9. bxc3 O-O 10. Qc2 Re8 11. Rfd1 Qe7 12. d5 h6 13. Bh4 e5 14. Nd2 Nc5 15.
e4 Bc8 16. f3 Bd7 17. Rf1 Kh8 18. Nb3 Na4 19. Bd3 g5 20. Bg3 Rg8 21. Qd2 Nh5
22. Be1 Rg6 23. g4 Nf4 24. Bg3 Rag8 25. Bxf4 gxf4 26. Kh1 Qh4 27. Rf2 h5 28.
gxh5 Qxh5 29. Rc1 Bh3 0-1

[Event "DEM U12/U12w 2000"]
[Site "Überlingen GER"]
[Date "2000.06.08"]
[Round "8"]
[White "Dück, Stefan"]
[Black "Wenger, Carsten"]
[Result "1-0"]
[Termination "normal"]
[Board "4"]
[WhiteElo "1740"]
[BlackElo "1567"]
[PlyCount "81"]
[WhiteFideId "4681355"]
[EventCountry "GER"]
[EventRounds "11"]
[EventType "swiss"]
[EventDate "2000.06.03"]

1. e4 e5 2. Nf3 Nc6 3. Bb5 Nf6 4. O-O Be7 5. Re1 d6 6. d4 exd4 7. Qxd4 Bd7 8.
Bxc6 Bxc6 9. Nc3 O-O 10. Bg5 Re8 11. Rad1 Ng4 12. Bxe7 Qxe7 13. h3 Ne5 14. Nxe5
Qxe5 15. Qxe5 Rxe5 16. f4 Re6 17. Nd5 Bxd5 18. exd5 Ree8 19. Kf2 f6 20. Re6 Kf7
21. f5 Re7 22. Rde1 Rae8 23. Kf3 g6 24. g4 a6 25. c4 b6 26. a4 a5 27. b3 gxf5
28. gxf5 h6 29. Kf4 h5 30. h4 Kf8 31. Rxf6+ Kg7 32. Rfe6 Rxe6 33. Rxe6 Rh8 34.
Kg5 Kf7 35. Rf6+ Kg7 36. Rg6+ Kf7 37. f6 Re8 38. Rg7+ Kf8 39. Re7 Rc8 40. Rh7
Kg8 41. Kg6 1-0

[Event "DEM U12/U12w 2000"]
[Site "Überlingen GER"]
[Date "2000.06.08"]
[Round "8"]
[White "Babczyk, Adrian"]
[Black "Frübing, Stefan"]
[Result "0-1"]
[Termination "normal"]
[Board "5"]
[WhiteElo "1407"]
[BlackElo "1724"]
[PlyCount "90"]
[WhiteFideId "24608700"]
[BlackFideId "4682165"]
[EventCountry "GER"]
[EventRounds "11"]
[EventType "swiss"]
[EventDate "2000.06.03"]

1. e4 c5 2. d4 cxd4 3. c3 dxc3 4. Nxc3 Nc6 5. Nf3 e6 6. Bc4 a6 7. a4 Nge7 8.
O-O Ng6 9. Qe2 Be7 10. Rd1 O-O 11. Be3 Nge5 12. Nxe5 Nxe5 13. f4 Nxc4 14. Qxc4
Qa5 15. Rf1 Qb4 16. Qe2 Bc5 17. Rf3 Bxe3+ 18. Rxe3 d6 19. Rg3 f5 20. exf5 Rxf5
21. Rf3 Rxf4 22. Rxf4 Qxf4 23. Rf1 Qd4+ 24. Kh1 Bd7 25. Qf3 Qf6 26. Qxf6 gxf6
27. Rxf6 Rf8 28. Ne4 d5 29. Rxf8+ Kxf8 30. Nf6 Bxa4 31. Nxh7+ Kg7 32. Ng5 Kf6
33. Nf3 e5 34. Kg1 e4 35. Nd2 e3 36. Nf3 Bd1 37. Nh4 d4 38. Kf1 d3 39. Ke1 Bh5
40. Nf3 Bxf3 41. gxf3 a5 42. h4 a4 43. f4 Kg6 44. Kf1 b5 45. b3 a3 0-1

[Event "DEM U12/U12w 2000"]
[Site "Überlingen GER"]
[Date "2000.06.08"]
[Round "8"]
[White "Behm, Simon"]
[Black "Boss, Igor"]
[Result "1/2-1/2"]
[Termination "normal"]
[Board "6"]
[WhiteElo "1712"]
[BlackElo "1540"]
[PlyCount "94"]
[WhiteFideId "4691962"]
[EventCountry "GER"]
[EventRounds "11"]
[EventType "swiss"]
[EventDate "2000.06.03"]

1. d4 Nf6 2. c4 c5 3. Nf3 e6 4. Nc3 b6 5. Bg5 Be7 6. dxc5 bxc5 7. e3 a6 8. Be2
Bb7 9. O-O O-O 10. Qb3 Qc7 11. Bf4 d6 12. Rfd1 Nc6 13. Rd3 Nb4 14. Rd2 Ne4 15.
Nxe4 Bxe4 16. a3 Nc6 17. Bd3 Na5 18. Qc2 Bxd3 19. Qxd3 Nb7 20. Ng5 Bxg5 21.
Bxg5 h6 22. Bh4 d5 23. cxd5 exd5 24. Rad1 g5 25. Bg3 Qa5 26. Qc3 Qxc3 27. bxc3
d4 28. cxd4 cxd4 29. Rxd4 Nc5 30. Bd6 Rfc8 31. Bxc5 Rxc5 32. Rd8+ Rxd8 33.
Rxd8+ Kg7 34. Kf1 Rc3 35. a4 Rc4 36. Rd4 Rc1+ 37. Ke2 Rc2+ 38. Kf3 Ra2 39. Kg3
f6 40. f4 Kg6 41. fxg5 hxg5 42. h3 Ra3 43. Kf3 Ra2 44. g3 Ra3 45. h4 gxh4 46.
gxh4 Kh5 47. Ke2 Ra2+ 1/2-1/2

[Event "DEM U12/U12w 2000"]
[Site "Überlingen GER"]
[Date "2000.06.08"]
[Round "8"]
[White "Siebarth, Raiko"]
[Black "Horstmann, Sven"]
[Result "1-0"]
[Termination "normal"]
[Board "7"]
[WhiteElo "1488"]
[BlackElo "1252"]
[PlyCount "83"]
[WhiteFideId "4674766"]
[EventCountry "GER"]
[EventRounds "11"]
[EventType "swiss"]
[EventDate "2000.06.03"]

1. e4 e6 2. d4 d5 3. Nc3 Bb4 4. e5 Ne7 5. a3 Bxc3+ 6. bxc3 c5 7. Nf3 Nbc6 8. a4
Nf5 9. Bd3 Nh4 10. Nxh4 Qxh4 11. g3 Qd8 12. Qg4 Ne7 13. Qxg7 Rg8 14. Qxh7 cxd4
15. cxd4 Qb6 16. c3 Bd7 17. O-O Qa5 18. Bd2 Bxa4 19. Bc2 b5 20. Bxa4 bxa4 21.
Qc2 Nf5 22. Rxa4 Qd8 23. Rfa1 a5 24. Qd3 Rh8 25. Qb5+ Kf8 26. Rxa5 Rxa5 27.
Rxa5 Kg7 28. Bf4 Qc7 29. Qc5 Qb7 30. Kg2 Qb1 31. Qb5 Qe4+ 32. Kg1 Qe1+ 33. Qf1
Qxc3 34. Qa1 Qxd4 35. Qxd4 Nxd4 36. Kg2 Kg6 37. Ra7 Rc8 38. h4 Nb5 39. h5+ Kxh5
40. Rxf7 Rd8 41. Kh3 d4 42. Rf6 1-0

[Event "DEM U12/U12w 2000"]
[Site "Überlingen GER"]
[Date "2000.06.08"]
[Round "8"]
[White "Hofmann, Annett"]
[Black "Brener, Ilja"]
[Result "0-1"]
[Termination "normal"]
[Board "8"]
[WhiteElo "1326"]
[BlackElo "1701"]
[PlyCount "80"]
[WhiteFideId "24603759"]
[BlackFideId "4688201"]
[EventCountry "GER"]
[EventRounds "11"]
[EventType "swiss"]
[EventDate "2000.06.03"]

1. e4 c5 2. Nc3 e6 3. g3 Nc6 4. Bg2 g6 5. Nge2 Bg7 6. O-O Nge7 7. d3 O-O 8. Be3
d6 9. Qc1 Nd4 10. f4 Nec6 11. Rf2 Rb8 12. a4 a6 13. Nd1 b5 14. axb5 axb5 15.
Nxd4 Nxd4 16. Ra7 Nc6 17. Ra2 Nb4 18. Ra3 Qc7 19. Qa1 Bb7 20. Rd2 Ra8 21. c3
Na6 22. Ra5 b4 23. d4 c4 24. Ra4 b3 25. Nf2 Rfe8 26. Ng4 h5 27. Nf2 Qb6 28.
Rxc4 Nb4 29. Qc1 Nc2 30. Rd1 d5 31. Rc5 Bf8 32. exd5 exd5 33. Bxd5 Bxd5 34.
Rxd5 Nxe3 35. c4 Nxd5 36. cxd5 Rac8 37. Qd2 Rc2 38. Qd3 Ree2 39. Rf1 Bg7 40.
Qf3 Bxd4 0-1

[Event "DEM U12/U12w 2000"]
[Site "Überlingen GER"]
[Date "2000.06.08"]
[Round "8"]
[White "Feuerstack, Aljoscha"]
[Black "Abel, Dennes"]
[Result "0-1"]
[Termination "normal"]
[Board "9"]
[WhiteElo "1543"]
[BlackElo "1348"]
[PlyCount "86"]
[WhiteFideId "4681932"]
[BlackFideId "24605417"]
[EventCountry "GER"]
[EventRounds "11"]
[EventType "swiss"]
[EventDate "2000.06.03"]

1. e4 c5 2. c3 d5 3. exd5 Qxd5 4. d4 Nf6 5. Nf3 Bg4 6. Be2 Nc6 7. Bf4 e6 8. O-O
Be7 9. Na3 O-O 10. Nc2 Qd7 11. Re1 Rfd8 12. dxc5 Bxc5 13. Qxd7 Rxd7 14. b4 Bd6
15. Bxd6 Rxd6 16. a4 Rad8 17. c4 Bf5 18. Ne3 Nxb4 19. Nxf5 exf5 20. Rab1 a5 21.
c5 Rc6 22. Rbc1 Rdc8 23. Ne5 Rxc5 24. Rxc5 Rxc5 25. Bc4 Nbd5 26. f3 g6 27. Rb1
b6 28. Rb5 Rxb5 29. Bxb5 Nc3 30. Bc6 Nfd5 31. Nc4 Kf8 32. Kf2 Nb4 33. Bd7 Nbd5
34. Ke1 Ke7 35. Bc6 Nb4 36. Kd2 Ncd5 37. Bb5 Kd8 38. Ne5 f6 39. Nc4 Kc7 40. Na3
Kd6 41. Nc4+ Kc5 42. g3 Nc7 43. Na3 Nxb5 0-1

[Event "DEM U12/U12w 2000"]
[Site "Überlingen GER"]
[Date "2000.06.08"]
[Round "8"]
[White "Blome, Thomas"]
[Black "Reiske, Anne"]
[Result "1/2-1/2"]
[Termination "normal"]
[Board "10"]
[WhiteElo "1465"]
[BlackElo "1337"]
[PlyCount "119"]
[BlackFideId "24635472"]
[EventCountry "GER"]
[EventRounds "11"]
[EventType "swiss"]
[EventDate "2000.06.03"]

1. Nf3 d5 2. c4 c6 3. b3 Nf6 4. Bb2 g6 5. g3 Bg7 6. Bg2 O-O 7. O-O Nbd7 8. d4
e6 9. e3 b6 10. Nbd2 Bb7 11. cxd5 cxd5 12. Rc1 Rc8 13. Rxc8 Qxc8 14. Qb1 Qb8
15. Rc1 Rc8 16. Kf1 Ba6+ 17. Ke1 Qb7 18. Rxc8+ Qxc8 19. Qc1 Qb7 20. h3 Nb8 21.
Ne5 Nfd7 22. Nxd7 Qxd7 23. Qc3 Qc6 24. Qxc6 Nxc6 25. Bf1 Bxf1 26. Nxf1 Nb4 27.
Kd2 Nxa2 28. Ba3 Bf8 29. Bxf8 Kxf8 30. Kc2 a5 31. Nd2 Nb4+ 32. Kc3 Ke7 33. e4
Kd7 34. e5 Kc6 35. Nb1 b5 36. f3 Na6 37. h4 b4+ 38. Kc2 Kb5 39. Nd2 Nc7 40. g4
a4 41. f4 a3 42. Nf3 h6 43. h5 gxh5 44. gxh5 Ka5 45. Nh2 Nb5 46. Nf3 Kb6 47.
Kc1 Kc7 48. Kc2 Nc3 49. Ng1 Kd7 50. Kc1 Ke7 51. Kc2 Ne4 52. Ne2 Kd7 53. Kc1 Kc6
54. Kc2 Kb5 55. Kc1 Nc3 56. Ng1 Ne4 57. Ne2 Nf2 58. Kc2 Ka5 59. Kc1 Nd3+ 60.
Kb1 1/2-1/2

[Event "DEM U12/U12w 2000"]
[Site "Überlingen GER"]
[Date "2000.06.08"]
[Round "8"]
[White "Mijatovic, Vladimir"]
[Black "Henneberg, Olga"]
[Result "1-0"]
[Termination "normal"]
[Board "11"]
[WhiteElo "1389"]
[BlackElo "1273"]
[PlyCount "65"]
[WhiteFideId "934062"]
[EventCountry "GER"]
[EventRounds "11"]
[EventType "swiss"]
[EventDate "2000.06.03"]

1. e4 d5 2. exd5 Qxd5 3. Nc3 Qa5 4. Nf3 Nf6 5. d4 c6 6. Bd2 Bf5 7. Be2 e6 8.
O-O Qc7 9. Nh4 Bg6 10. Nf3 Bd6 11. g3 Nbd7 12. Be3 O-O-O 13. a4 h6 14. Rb1 Bf5
15. Kg2 g5 16. b4 Ng4 17. Bd2 Rdg8 18. b5 c5 19. dxc5 Nxc5 20. Ra1 Ne4 21. a5
Nxc3 22. Bxc3 Qxc3 23. Qxd6 Qxc2 24. Rac1 Rd8 25. Rxc2+ Bxc2 26. Qc5+ Kb8 27.
Qxc2 Rc8 28. Qa2 Rc7 29. b6 Rc5 30. Qa3 Rhc8 31. a6 bxa6 32. Qxa6 R5c6 33.
Qxa7# 1-0

[Event "DEM U12/U12w 2000"]
[Site "Überlingen GER"]
[Date "2000.06.08"]
[Round "8"]
[White "Fervers, Lukas"]
[Black "Colloseus, Christian"]
[Result "1/2-1/2"]
[Termination "normal"]
[Board "12"]
[WhiteElo "1359"]
[BlackElo "1231"]
[PlyCount "53"]
[EventCountry "GER"]
[EventRounds "11"]
[EventType "swiss"]
[EventDate "2000.06.03"]

1. e4 e5 2. f4 exf4 3. Nf3 d5 4. exd5 Qxd5 5. c4 Qe6+ 6. Be2 Bd6 7. O-O Ne7 8.
d4 b6 9. Re1 O-O 10. Bd3 Qf6 11. Kh1 Bf5 12. Nc3 Bxd3 13. Qxd3 c6 14. Ne4 Qg6
15. Qd2 Bc7 16. Ne5 Qe6 17. Ng5 Qf5 18. Qxf4 f6 19. Qxf5 Nxf5 20. Ne6 Rc8 21.
Nxc7 Rxc7 22. Nf3 Na6 23. a3 Rd7 24. Be3 Nxe3 25. Rxe3 Rad8 26. b4 Nc7 27. Rc1
1/2-1/2

[Event "DEM U12/U12w 2000"]
[Site "Überlingen GER"]
[Date "2000.06.08"]
[Round "8"]
[White "von der Ahe, Florian"]
[Black "Zelba, Maurizio"]
[Result "0-1"]
[Termination "normal"]
[Board "13"]
[WhiteElo "1132"]
[BlackElo "1728"]
[PlyCount "58"]
[WhiteFideId "12970506"]
[BlackFideId "4677390"]
[EventCountry "GER"]
[EventRounds "11"]
[EventType "swiss"]
[EventDate "2000.06.03"]

1. Nf3 d5 2. g3 Nf6 3. Bg2 c6 4. O-O Bg4 5. d3 Nbd7 6. Nbd2 e5 7. e4 Bd6 8. Re1
O-O 9. c3 Bc7 10. d4 dxe4 11. Nxe4 Nxe4 12. Rxe4 f5 13. Re1 e4 14. Qb3+ Kh8 15.
Ng5 Qf6 16. Ne6 Rfc8 17. Nxc7 Rxc7 18. Bf4 Rcc8 19. Qxb7 Nb6 20. Be5 Qh6 21. h3
Bh5 22. Re3 Rd8 23. Qa6 Nd5 24. Ree1 Rf8 25. a3 Bf3 26. h4 f4 27. c4 fxg3 28.
cxd5 gxf2+ 29. Kxf2 Qd2+ 0-1

[Event "DEM U12/U12w 2000"]
[Site "Überlingen GER"]
[Date "2000.06.08"]
[Round "8"]
[White "Bäumler, Ilja"]
[Black "Andok, Claus Michael"]
[Result "1-0"]
[Termination "normal"]
[Board "14"]
[WhiteElo "1687"]
[BlackElo "1217"]
[PlyCount "99"]
[WhiteFideId "4681070"]
[BlackFideId "24602000"]
[EventCountry "GER"]
[EventRounds "11"]
[EventType "swiss"]
[EventDate "2000.06.03"]

1. e4 d6 2. d4 Nf6 3. Nc3 g6 4. f4 c6 5. Nf3 Bg7 6. h3 h5 7. Be3 e6 8. Bd3 O-O
9. O-O b5 10. Qe1 b4 11. Ne2 a5 12. Qh4 Nfd7 13. Qf2 e5 14. dxe5 dxe5 15. f5
Ba6 16. Rad1 Qc7 17. g4 hxg4 18. hxg4 Nf6 19. Qg2 Bxd3 20. cxd3 Nbd7 21. g5 Nh5
22. f6 Bh8 23. Qh2 Rfd8 24. Kf2 Bxf6 25. gxf6 Ndxf6 26. Rg1 c5 27. Qxe5 Qxe5
28. Nxe5 Rac8 29. Nf4 Ng7 30. Ke2 a4 31. Nh3 c4 32. Nxc4 Nxe4 33. dxe4 Rxd1 34.
Rxd1 Rxc4 35. Rd8+ Ne8 36. Rxe8+ Kg7 37. Kd3 Rc6 38. Bd4+ f6 39. Re7+ Kf8 40.
Rb7 b3 41. axb3 axb3 42. Rxb3 g5 43. Rb8+ Kf7 44. Rb7+ Kg6 45. b4 g4 46. Nf4+
Kg5 47. Ke3 Rc1 48. Rg7+ Kh4 49. Rh7+ Kg3 50. Ne2+ 1-0

[Event "DEM U12/U12w 2000"]
[Site "Überlingen GER"]
[Date "2000.06.08"]
[Round "8"]
[White "Aghadjanian, Aida"]
[Black "Ollenberger, Roland"]
[Result "1-0"]
[Termination "time forfeit"]
[Board "15"]
[WhiteElo "1039"]
[BlackElo "1457"]
[PlyCount "79"]
[BlackFideId "24608440"]
[EventCountry "GER"]
[EventRounds "11"]
[EventType "swiss"]
[EventDate "2000.06.03"]

1. c4 e5 2. Nc3 Nf6 3. g3 Bc5 4. Bg2 O-O 5. Nf3 Nc6 6. O-O d6 7. b3 Be6 8. Bb2
Qd7 9. Re1 Bh3 10. Bh1 Qf5 11. e3 Ng4 12. Qe2 g5 13. Nd5 Rac8 14. Bc3 a5 15.
Bxa5 h5 16. b4 b6 17. Bxb6 Bxb6 18. b5 Rfe8 19. bxc6 e4 20. Nd4 Qe5 21. Nb5 h4
22. d3 hxg3 23. hxg3 exd3 24. Qxd3 Bxe3 25. Nxe3 Nxe3 26. Qxe3 Qb2 27. Qxg5+
Qg7 28. Rxe8+ Rxe8 29. Qxg7+ Kxg7 30. Nxc7 Rh8 31. Nb5 Bg4 32. Nxd6 Kf6 33. c7
Ke7 34. c8=Q Bxc8 35. Nxc8+ Rxc8 36. Rc1 Kd6 37. Bf3 Kc5 38. Be2 Rd8 39. Kf1
Rd2 40. Ra1 1-0

[Event "DEM U12/U12w 2000"]
[Site "Überlingen GER"]
[Date "2000.06.08"]
[Round "8"]
[White "Becker, Nils"]
[Black "Köhn, Kai-Uwe"]
[Result "1/2-1/2"]
[Termination "normal"]
[Board "16"]
[WhiteElo "1178"]
[BlackElo "1389"]
[PlyCount "60"]
[WhiteFideId "4695216"]
[EventCountry "GER"]
[EventRounds "11"]
[EventType "swiss"]
[EventDate "2000.06.03"]

1. e4 d6 2. d4 Nf6 3. Nc3 g6 4. f3 Bg7 5. Be3 c6 6. Qd2 O-O 7. Nge2 e5 8. dxe5
dxe5 9. O-O-O Qxd2+ 10. Rxd2 Be6 11. g4 Nbd7 12. Ng3 Nb6 13. h4 h5 14. gxh5
Nxh5 15. Nxh5 gxh5 16. Rg1 Kh7 17. Rdg2 Rg8 18. Kb1 f6 19. Be2 Bh6 20. Bxh6
Kxh6 21. b3 Rxg2 22. Rxg2 Rg8 23. Rxg8 Bxg8 24. Bd3 Be6 25. Nd1 Nc8 26. Ne3 Nd6
27. Kb2 Kg7 28. Kc3 Kf7 29. Nf1 Ke7 30. Ng3 Bf7 1/2-1/2

[Event "DEM U12/U12w 2000"]
[Site "Überlingen GER"]
[Date "2000.06.08"]
[Round "8"]
[White "Cara, Bogdan"]
[Black "Christiansen, Claes"]
[Result "0-1"]
[Termination "normal"]
[Board "17"]
[WhiteElo "1376"]
[BlackElo "1248"]
[PlyCount "114"]
[EventCountry "GER"]
[EventRounds "11"]
[EventType "swiss"]
[EventDate "2000.06.03"]

1. e4 c5 2. c3 d5 3. exd5 Qxd5 4. d4 cxd4 5. cxd4 Nc6 6. Nf3 Bg4 7. Be3 e6 8.
Nc3 Qa5 9. a3 Nf6 10. Bd3 Be7 11. O-O O-O 12. h3 Bh5 13. Be2 Bg6 14. b4 Qc7 15.
Rc1 Rfd8 16. Nb5 Qd7 17. Ne5 Nxe5 18. dxe5 Qxd1 19. Rfxd1 Rxd1+ 20. Rxd1 Nd5
21. Bxa7 b6 22. Rc1 f6 23. exf6 gxf6 24. Bf3 Bd3 25. Bxd5 exd5 26. Rc7 Bd8 27.
Rb7 Bxb5 28. Bxb6 Bc6 29. Ra7 Bxb6 30. Rxa8+ Bxa8 31. Kf1 Kf7 32. a4 Ke6 33.
Ke2 Kd6 34. f3 Bc6 35. a5 Bc7 36. Kd3 Bb5+ 37. Kc3 Ke5 38. g3 d4+ 39. Kd2 Kd5
40. g4 Kc4 41. a6 Bxa6 42. h4 Kxb4 43. g5 fxg5 44. hxg5 Kc4 45. f4 Bxf4+ 46.
Kd1 Bxg5 47. Ke1 Kc3 48. Kf2 d3 49. Kg3 d2 50. Kg4 d1=Q+ 51. Kxg5 Qf3 52. Kh6
Qg4 53. Kxh7 Qg5 54. Kh8 Kd4 55. Kh7 Ke5 56. Kh8 Kf6 57. Kh7 Qg7# 0-1

[Event "DEM U12/U12w 2000"]
[Site "Überlingen GER"]
[Date "2000.06.08"]
[Round "8"]
[White "Rosenblatt, Marcus"]
[Black "Ritscher, Martin"]
[Result "0-1"]
[Termination "normal"]
[Board "18"]
[WhiteElo "1298"]
[BlackElo "1098"]
[PlyCount "80"]
[WhiteFideId "24627453"]
[EventCountry "GER"]
[EventRounds "11"]
[EventType "swiss"]
[EventDate "2000.06.03"]

1. e4 c5 2. Nf3 e6 3. d4 cxd4 4. Nxd4 Nf6 5. e5 Qa5+ 6. Nc3 Qxe5+ 7. Be2 Nc6 8.
Nf3 Qa5 9. Bd2 Bb4 10. a3 Bxc3 11. Bxc3 Qd8 12. O-O O-O 13. Qd3 d5 14. h4 Ne4
15. Be1 Qf6 16. Rb1 Bd7 17. c4 Ne5 18. Nxe5 Qxe5 19. Bb4 Rfd8 20. Bc3 Nxc3 21.
bxc3 Bc6 22. Rfe1 Qf6 23. Qg3 Qg6 24. Qh2 Rac8 25. h5 Qf6 26. Qg3 h6 27. Bd3
Qg5 28. Qh3 b6 29. Re3 dxc4 30. Bc2 Rd2 31. Rxe6 Bd7 32. Bf5 fxe6 33. Bxe6+ Kh8
34. Bxd7 Rd8 35. Bg4 Qf6 36. Qe3 R8d3 37. Qe4 Rxc3 38. Bd1 Qd4 39. Qg6 Qd3 40.
Qf7 Qxb1 0-1

[Event "DEM U12/U12w 2000"]
[Site "Überlingen GER"]
[Date "2000.06.08"]
[Round "8"]
[White "Grimberg, Boris"]
[Black "Schiwarth, Nino"]
[Result "1-0"]
[Termination "normal"]
[Board "19"]
[WhiteElo "1278"]
[BlackElo "1096"]
[PlyCount "57"]
[WhiteFideId "4697499"]
[EventCountry "GER"]
[EventRounds "11"]
[EventType "swiss"]
[EventDate "2000.06.03"]

1. e4 e5 2. Nf3 Nc6 3. Bb5 Bc5 4. c3 Nf6 5. d3 h6 6. O-O O-O 7. Be3 Bb6 8. Bxc6
bxc6 9. Nxe5 Qe7 10. Nc4 d5 11. exd5 cxd5 12. Nxb6 axb6 13. Re1 Re8 14. h3 c5
15. Nd2 Bb7 16. Qc2 Rad8 17. Nf3 Qd7 18. d4 c4 19. Ne5 Qe6 20. g4 Nh7 21. Qf5
Qxf5 22. gxf5 Bc8 23. Bf4 Bxf5 24. Nc6 Rxe1+ 25. Rxe1 Rd7 26. Ne7+ Rxe7 27.
Rxe7 Bxh3 28. Re8+ Nf8 29. Bd6 1-0

[Event "DEM U12/U12w 2000"]
[Site "Überlingen GER"]
[Date "2000.06.08"]
[Round "8"]
[White "Biller, Eugen"]
[Black "Herkt, Julia"]
[Result "1-0"]
[Termination "normal"]
[Board "20"]
[WhiteElo "1273"]
[BlackElo "1015"]
[PlyCount "117"]
[EventCountry "GER"]
[EventRounds "11"]
[EventType "swiss"]
[EventDate "2000.06.03"]

1. e4 c5 2. Nf3 d6 3. d4 cxd4 4. Nxd4 Nf6 5. Nc3 g6 6. Be2 Bg7 7. Be3 O-O 8.
O-O Nc6 9. Nb3 Bd7 10. Kh1 a6 11. f4 b5 12. Bf3 Rc8 13. Qd2 Bg4 14. Qf2 Bxf3
15. Qxf3 Qd7 16. h3 b4 17. Ne2 a5 18. a4 bxa3 19. Rxa3 Nb4 20. Rxa5 Rxc2 21.
Ra7 Qd8 22. Rb7 Nd3 23. Nbd4 Rxb2 24. Nc6 Qe8 25. Nxe7+ Kh8 26. Ra7 Nc5 27. e5
dxe5 28. Bxc5 exf4 29. Nxf4 Nd7 30. Nexg6+ hxg6 31. Bxf8 Nxf8 32. Nd5 Rd2 33.
Rxf7 Ne6 34. Ne7 Ng5 35. Nxg6+ Kg8 36. Rxg7+ Kxg7 37. Qc3+ Kxg6 38. Qxd2 Qe4
39. Qd6+ Kh5 40. Qf4 Qd5 41. Qg4+ Kh6 42. h4 Ne4 43. Qf3 Qc6 44. Re1 Kg7 45.
Qxe4 Qf6 46. Qe7+ Qxe7 47. Rxe7+ Kg6 48. g4 Kf6 49. Re1 Kg6 50. g5 Kh5 51. Re6
Kxh4 52. g6 Kg5 53. g7 Kh5 54. g8=Q Kh4 55. Qh7+ Kg4 56. Rf6 Kg5 57. Qg6+ Kh4
58. Rf4+ Kh3 59. Qg2# 1-0

[Event "DEM U12/U12w 2000"]
[Site "Überlingen GER"]
[Date "2000.06.08"]
[Round "8"]
[White "Rathke, Jens"]
[Black "Hummel, Helmut"]
[Result "1-0"]
[Termination "normal"]
[Board "21"]
[WhiteElo "1257"]
[BlackElo "682"]
[PlyCount "71"]
[EventCountry "GER"]
[EventRounds "11"]
[EventType "swiss"]
[EventDate "2000.06.03"]

1. e4 e5 2. f4 d6 3. Nf3 Nf6 4. Nc3 Nbd7 5. Bc4 Be7 6. O-O O-O 7. d4 Nb6 8. Bb3
exd4 9. Nxd4 d5 10. e5 Ne4 11. Bxd5 Nxc3 12. Bxf7+ Rxf7 13. bxc3 Qf8 14. e6 Rf6
15. f5 h6 16. h4 Nc4 17. g4 Bc5 18. Qd3 Ne5 19. Qe4 Nc4 20. g5 Nd6 21. Qd5 Ne8
22. gxf6 Nxf6 23. Qg2 h5 24. Bg5 Ne8 25. Qd5 Kh7 26. Rae1 Nf6 27. Bxf6 gxf6 28.
Qg2 Qh6 29. Qg6+ Qxg6+ 30. fxg6+ Kxg6 31. Re2 f5 32. Rfe1 Be7 33. Rg2+ Kf6 34.
Rg5 Bc5 35. Rxf5+ Ke7 36. Rxc5 1-0

[Event "DEM U12/U12w 2000"]
[Site "Überlingen GER"]
[Date "2000.06.08"]
[Round "8"]
[White "Scholtes, Benedikt"]
[Black "Nolting, Christoph"]
[Result "1/2-1/2"]
[Termination "normal"]
[Board "22"]
[WhiteElo "1223"]
[BlackElo "1251"]
[PlyCount "49"]
[WhiteFideId "24675423"]
[EventCountry "GER"]
[EventRounds "11"]
[EventType "swiss"]
[EventDate "2000.06.03"]

1. c4 Nf6 2. Nc3 d5 3. cxd5 Nxd5 4. Nxd5 Qxd5 5. d3 e5 6. e4 Qd8 7. Nf3 Nc6 8.
g3 Bc5 9. Bg2 O-O 10. O-O f6 11. Qc2 Qd6 12. Be3 Bxe3 13. fxe3 Nb4 14. Qd2 a5
15. Rfd1 Bg4 16. d4 exd4 17. exd4 Rfe8 18. Re1 Rad8 19. a3 Nc6 20. d5 Bxf3 21.
Bxf3 Ne5 22. Bg2 Qb6+ 23. Qe3 Qxe3+ 24. Rxe3 Rd7 25. Rc1 1/2-1/2

[Event "DEM U12/U12w 2000"]
[Site "Überlingen GER"]
[Date "2000.06.08"]
[Round "8"]
[White "Kulakov, Yurij"]
[Black "Großmann, Susan"]
[Result "1/2-1/2"]
[Termination "normal"]
[Board "23"]
[WhiteElo "1338"]
[BlackElo "1022"]
[PlyCount "85"]
[BlackFideId "24608220"]
[EventCountry "GER"]
[EventRounds "11"]
[EventType "swiss"]
[EventDate "2000.06.03"]

1. e4 d6 2. d4 Nf6 3. Nc3 g6 4. Bd3 c6 5. Nge2 Nbd7 6. O-O Bg7 7. f4 e5 8. Kh1
exd4 9. Nxd4 Nc5 10. Nf3 O-O 11. Qe2 Re8 12. Bd2 Ncxe4 13. Nxe4 Nxe4 14. Bxe4
d5 15. c3 dxe4 16. Ng1 Bf5 17. Be3 Qd3 18. Qf2 Rad8 19. Rfe1 a6 20. Re2 Qc4 21.
a3 Rd3 22. Rae1 Be6 23. Rc1 Red8 24. Qe1 f5 25. Nh3 h6 26. Nf2 R3d7 27. Nh3 Qb5
28. Ng1 Bc4 29. Rec2 Qd5 30. Rf2 Qe6 31. Rfc2 Rd5 32. Ra1 Qd7 33. Rcc1 Bb3 34.
Rcb1 Rd1 35. Rxd1 Bxd1 36. Nh3 Bb3 37. Nf2 Re8 38. Qe2 Bf7 39. Rd1 Qe6 40. Qd2
Bf6 41. Qc1 Rd8 42. Re1 Kg7 43. Nh3 1/2-1/2

[Event "DEM U12/U12w 2000"]
[Site "Überlingen GER"]
[Date "2000.06.08"]
[Round "8"]
[White "Bayer, Marius"]
[Black "Muelenz, Claudius"]
[Result "1-0"]
[Termination "normal"]
[Board "24"]
[WhiteElo "1234"]
[BlackElo "1015"]
[PlyCount "97"]
[EventCountry "GER"]
[EventRounds "11"]
[EventType "swiss"]
[EventDate "2000.06.03"]

1. Nf3 d5 2. g3 c5 3. Bg2 Nc6 4. O-O e5 5. d3 f6 6. Nbd2 Bd6 7. c4 d4 8. a3 Be6
9. Qb3 Qd7 10. Ne4 O-O-O 11. Bd2 Nge7 12. Qa4 Qc7 13. b4 b6 14. bxc5 Bxc5 15.
Nxc5 bxc5 16. Rab1 g5 17. Qa6+ Kd7 18. Rb7 Rc8 19. Rxc7+ Rxc7 20. Rb1 Ke8 21.
Ne1 Kf7 22. Bxc6 Rxc6 23. Qxa7 h5 24. Rb8 Bc8 25. Rb6 Re6 26. Rxe6 Bxe6 27.
Qxc5 g4 28. Bb4 Nf5 29. a4 h4 30. gxh4 Rxh4 31. a5 Rh8 32. a6 Ra8 33. Qc7+ Kg6
34. a7 Bc8 35. Qb8 Rxb8 36. axb8=Q Be6 37. c5 Ne7 38. Qe8+ Kf5 39. Qxe7 Bc8 40.
Qh7+ Ke6 41. Kg2 Bd7 42. Kg3 f5 43. Qg6+ Ke7 44. c6+ Kd8 45. cxd7 Kxd7 46. Qd6+
Kc8 47. Qe7 f4+ 48. Kxg4 f3 49. Bd6 1-0